| 000 | 01382nac a2200325 i 4500 | ||
|---|---|---|---|
| 003 | EG-ScBUE | ||
| 005 | 20230314133207.0 | ||
| 008 | 230314t1993 nyua f 001 0 eng d | ||
| 020 | _a0812922174 | ||
| 020 | _a9780812922172 | ||
| 040 |
_aEG-ScBUE _beng _erda _cEG-ScBUE _dEG-ScBUE |
||
| 043 | _an-us--- | ||
| 082 | 0 | 4 |
_a794.1 _bUSC _222 |
| 245 | 0 | 0 |
_aU.S. Chess Federation's official rules of chess / _ccompiled and sanctioned by the U.S. Chess Federation ; edited by Bill Goichberg, national tournament director, international arbiter, FIDE Master, Carol Jarecki, national tournament director, international arbiter, Ira Lee Riddle, national tournament director, international arbiter. |
| 250 | _aFourth edition. | ||
| 264 | 1 |
_aNew York : _bDavid McKay Chess Library, _c[1993] |
|
| 264 | 4 | _cc1993 | |
| 300 |
_axxix, 370 pages : _billustrations ; _c20 cm. |
||
| 500 | _aIncludes index. | ||
| 610 | 2 | 7 |
_aUnited States Chess Federation. _tOfficial rules of chess. _2BUEsh |
| 650 | 7 |
_aChess _xRules _zUnited States. _2BUEsh |
|
| 653 | _bGGEN | ||
| 655 | _vReading book | ||
| 700 | 1 |
_aJarecki, Carol, _eeditor. |
|
| 700 | 1 |
_aRiddle, Ira Lee, _eeditor. |
|
| 700 | 1 |
_aGoichberg, Bill, _eeditor. |
|
| 740 | 0 | _aUS Chess Federation's official rules of chess. | |
| 856 | 4 | 2 |
_3Publisher description _uhttp://www.loc.gov/catdir/description/random0413/92040961.html |
| 942 |
_cBB _2ddc |
||
| 999 |
_c5788 _d5788 |
||